|
|
|
|
| LEADER |
00762nab a2200229 i 4500 |
| 001 |
misc65824 |
| 005 |
20241014135321.0 |
| 008 |
220404s1956 hu o 000 ger d |
| 040 |
|
|
|a SZTE Miscellanea Repozitórium
|b hun
|
| 041 |
|
|
|a ger
|
| 041 |
|
|
|a fiu
|
| 100 |
1 |
|
|a Hajdú Péter
|
| 245 |
1 |
4 |
|a Der Stimmbandverschluss im Juraksamojedischen
|h [elektronikus dokumentum] /
|c Hajdú Péter
|
| 260 |
|
|
|a Harrassowitz
|b Wiesbaden
|c 1956
|
| 300 |
|
|
|a 155-164
|c 24 cm
|
| 490 |
0 |
|
|a Ural-Altaische Jahrbücher
|
| 561 |
|
|
|a Németh Gyula hagyaték
|
| 591 |
|
|
|a NOU 2148
|
| 650 |
|
4 |
|a Bölcsészettudományok
|
| 650 |
|
4 |
|a Nyelvek és irodalom
|
| 695 |
|
|
|a Szamojéd nyelvek - hangtan
|
| 856 |
4 |
0 |
|u http://misc.bibl.u-szeged.hu/65824/1/2148_nou_h12.pdf
|z Dokumentum-elérés
|